ბათუმის შოთა რუსთაველის სახელმწიფო უნივერსიტეტის ბიბლიოთეკა

ეგრისი (გამოკვლევა რუკებით) (ბიბ.ჩანაწერი № 43399)

000 -LEADER
fixed length control field 00816nam a2200229Ia 4500
001 - CONTROL NUMBER
control field 10127
003 - CONTROL NUMBER IDENTIFIER
control field GE_BSU
008 - FIXED-LENGTH DATA ELEMENTS--GENERAL INFORMATION
fixed length control field 181216s||||||||xx |||||||||||||| ||und||
020 ## - INTERNATIONAL STANDARD BOOK NUMBER
International Standard Book Number 9789941201158
040 ## - CATALOGING SOURCE
Transcribing agency GE_BSU
080 ## - UNIVERSAL DECIMAL CLASSIFICATION NUMBER
Universal Decimal Classification number 94(479.222.2)
100 ## - MAIN ENTRY--PERSONAL NAME
Personal name ჯაფარიძე,ანანია (მიტროპოლიტი)
245 ## - TITLE STATEMENT
Title ეგრისი (გამოკვლევა რუკებით)
245 ## - TITLE STATEMENT
Statement of responsibility, etc. სამეცნ.რედ.ი.გორგიძე
260 ## - PUBLICATION, DISTRIBUTION, ETC.
Place of publication, distribution, etc. თბილისი
260 ## - PUBLICATION, DISTRIBUTION, ETC.
Name of publisher, distributor, etc. ტექნიკური უნ–ტი
260 ## - PUBLICATION, DISTRIBUTION, ETC.
Date of publication, distribution, etc. 2012
300 ## - PHYSICAL DESCRIPTION
Extent 190გვ.რუკ.20სმ.
300 ## - PHYSICAL DESCRIPTION
Accompanying material დამატებები გვ.89
653 ## - INDEX TERM--UNCONTROLLED
Uncontrolled term ეგრისი (გამოკვლევა რუკებით)
942 ## - ADDED ENTRY ELEMENTS (KOHA)
Koha item type წიგნი
ეგზემპლარები
Withdrawn status Lost status Damaged status Not for loan Date acquired Barcode Date last seen Price effective from Koha item type
        2018-12-17 18716 2018-12-17 2018-12-17 წიგნი